Statistics for Colors that begin with the letter G

Click here to take the quiz!

General Stats

  • This quiz has been taken 772 times
  • The average score is 4 of 15

Answer Stats

HintAnswer% Correct
Green
99%
Grey
94%
Gold
80%
Grass
42%
Goldenrod
29%
Grape
29%
Green Yellow
29%
Green Apple
12%
Gainsboro
5%
Gamboge
5%
Guacamole
4%
Green Mist
3%
Green Lantern
2%
Green Pepper
2%
Green Quartz
1%

Score Distribution

Percentile by Number Answered

Percent of People with Each Score

Your Score History

You have not taken this quiz